000 00688nam a2200241 i 4500
001 bgj
100 1 _aLAIRD, Elizabeth
245 1 0 _aFaces of Britain /
_cElizabeth Laird.
250 _a[4th impr.].
260 _aSingapore :
_bLongman,
_c1988.
300 _a80 pp :
_bphot. colour ;
_c26 cm.
500 _a1st publ. 1986.
650 9 _aEnglish language
_xTextbooks for foreigners
650 9 _aReaders
_zGreat Britain
651 9 _aGreat Britain
_zSocial life and culture
655 _aProblems, excercises, etc.
020 _a0582749204 (pbk)
040 _cBPK
041 0 _aeng
920 _a0-582-74920-4 (pbk)
942 _cKS
008 s uk f |000 0 eng
999 _c50127
_d50127
856 _uhttp://koha.tu.koszalin.pl/cgi-bin/koha/opac-detail.pl?biblionumber=50127
_yKatalog online BPK